Mali : Technical Assistance Report.

This Technical Assistance Report on Mali discusses automatic pricing mechanism options and identifies issues that need to be addressed for the application of such a mechanism. Mali stands to benefit from moving from the current discretionary approach to fuel product pricing to a transparent and auto...

Celý popis

Podrobná bibliografie
Korporativní autor: International Monetary Fund. Fiscal Affairs Dept
Médium: Časopis
Jazyk:English
Vydáno: Washington, D.C. : International Monetary Fund, 2014.
Edice:IMF Staff Country Reports; Country Report ; No. 2014/031
On-line přístup:Full text available on IMF
LEADER 01712cas a2200241 a 4500
001 AALejournalIMF014193
008 230101c9999 xx r poo 0 0eng d
020 |c 5.00 USD 
020 |z 9781475565379 
022 |a 1934-7685 
040 |a BD-DhAAL  |c BD-DhAAL 
110 2 |a International Monetary Fund.  |b Fiscal Affairs Dept. 
245 1 0 |a Mali :   |b Technical Assistance Report. 
264 1 |a Washington, D.C. :  |b International Monetary Fund,  |c 2014. 
300 |a 1 online resource (36 pages) 
490 1 |a IMF Staff Country Reports 
500 |a <strong>Off-Campus Access:</strong> No User ID or Password Required 
500 |a <strong>On-Campus Access:</strong> No User ID or Password Required 
506 |a Electronic access restricted to authorized BRAC University faculty, staff and students 
520 3 |a This Technical Assistance Report on Mali discusses automatic pricing mechanism options and identifies issues that need to be addressed for the application of such a mechanism. Mali stands to benefit from moving from the current discretionary approach to fuel product pricing to a transparent and automatic price adjustment mechanism. Although smoothing can help to mitigate the adverse impact of price increases and volatile international fuel prices, additional supporting policies are warranted. In particular, an effective safety net is required to protect the poorest and most vulnerable groups from the adverse impacts of sizeable domestic fuel price increases. 
538 |a Mode of access: Internet 
830 0 |a IMF Staff Country Reports; Country Report ;  |v No. 2014/031 
856 4 0 |z Full text available on IMF  |u http://elibrary.imf.org/view/journals/002/2014/031/002.2014.issue-031-en.xml  |z IMF e-Library